00417 2200157 4500001002100000005001500021035002000036245005500056100001700111300002800128260005300156082000800209084001400217020001800231600001000249INLIS00000000000002620210927115700 a0010-09210000261 aPangeran Samber Nyawa :bCerita Rakyat Jawa Tengah0 aAde Soekirno a56 hlm :bilus ;c21 cm aJakarta :bGramedia Widiasarana Indonesia,c1993 a398 a398 ADE p a979-553-254-3 4aFiksi